000 00757nam a22002055i 4500
001 158504
003 ES-MaACL
005 20250717070951.0
008 040831s1878 fr |||| | fre d
040 _aCAM
_bspa
_cCAM
100 1 _aMagnus, Hugo.
_9129348
245 1 0 _aHistoire de l'évolution du sens des couleurs /
_cpar Hugo Magnus ; avec une introduction par Jules Soury.
260 _aParis :
_bC. Reinwald et C., libraires-éditeurs,
_c1878 (
_fTypographie Paul Schmidt)
300 _aLV, 130 p. ;
_c19 cm.
650 4 _aColor.
_911153
650 0 7 _aLuz
_2embne
_914716
700 1 _aSoury, Jules.
_9132857
852 _aES-MaACL
_jT-288-F-5
_z-- Enc. hol.
_q-- Falto de la cub. original
_z-- Enc. en un vol. facticio
999 _c158504
_d158504